00523nam a2200181 a 450000100060000000300090000600800410001502000150005604000280007108200160009910000210011524500280013626000460016430000160021065000380022665000430026465000340030712553CO-ViMGA141112s2004 ck r 000 u spa d a9586144577 aCO-ViMGAbspacCO-ViMGA04a986.08 D65g1 aDonadio, Alberto10aLa Guerra con el Perú aSantafé de Bogotá : bPlaneta, c1995 a306p. : il.14aCOLOMBIA - HISTORIA - 1814 - 183114aGUERRA COLOMBO - PERUANA - 1829 - 183014aPERU - HISTORIA - 1829 - 1819